Resúmenes analíticos chilenos de estudios de educación física, deportes y recreación, elaborados por instituciones de educación superior entre los años 1989 - 1990
Salvato in:
| Autori principali: | , |
|---|---|
| Natura: | Libro |
| Lingua: | spagnolo |
| Pubblicazione: |
Santiago
CPEIP
1994
|
| Serie: | Serie de Estudios, 229
|
| Soggetti: | |
| Tags: |
Aggiungi Tag
Nessun Tag, puoi essere il primo ad aggiungerne!!
|
MARC
| LEADER | 00000nam a2200000 a 4500 | ||
|---|---|---|---|
| 001 | UCZ8515 | ||
| 003 | CL-VaPUC | ||
| 008 | 960121e19940400CL |||||||||||||||||spa|d | ||
| 082 | 0 | 4 | |a 372.3 |b TRU |2 21 |
| 100 | 0 | |a Trujillo Galindo, Héctor Santiago |e author |9 353840 | |
| 700 | 0 | |a Guarda E., Sergio |e author |9 353841 | |
| 245 | 1 | 0 | |a Resúmenes analíticos chilenos de estudios de educación física, deportes y recreación, elaborados por instituciones de educación superior entre los años 1989 - 1990 |
| 300 | |a v | ||
| 942 | |c BK | ||
| 945 | |d 19960121 00:00:00 |a cmena | ||
| 260 | |a Santiago |b CPEIP |c 1994 | ||
| 650 | 0 | |a Educación física |9 240893 | |
| 650 | 7 | |a DEPORTE |2 CL-VaPUC |9 353842 | |
| 650 | 0 | |a Actividades de tiempo libre |9 334349 | |
| 650 | 0 | |a Investigación educacional |9 261192 | |
| 583 | |a last modification |c 19960121 00:00:00 |k Rodrigo Vera | ||
| 490 | 0 | |a Serie de Estudios, 229 | |
| 999 | |c 244388 |d 244386 | ||
| 952 | |0 0 |1 0 |4 0 |6 372_300000000000000_TRU_1994 |7 0 |8 P |9 258442 |a BIBEDU |b BIBEDU |c BIBEDU_PB |d 2019-11-19 |h v.1 |i 1622021 |o 372.3 TRU 1994 |p 1622021 |r 2024-01-25 |w 2019-11-19 |y BK |k EDU | ||
| 952 | |0 0 |1 0 |4 0 |6 372_300000000000000_TRU_1994 |7 0 |8 P |9 258443 |a BIBEDU |b BIBEDU |c BIBEDU_PB |d 2019-11-19 |h v.2 |i 162203K |o 372.3 TRU 1994 |p 162203K |r 2024-01-25 |w 2019-11-19 |y BK |k EDU | ||